EPL number 10's - Statistics

General Stats
  • This quiz has been taken 37 times
  • The average score is 7 of 20
Answer Stats
Hint Answer % Correct
man united rooney
97%
man city aguero
81%
chelsea hazard
78%
liverpool coutinho
75%
spurs kane
72%
everton lukaku
47%
west ham lanzini
34%
leicster king
31%
southampton austin
22%
stoke arnautovic
19%
middlesbrough negredo
19%
burnley barnes
16%
west brom phillips
16%
hull snodgrass
13%
crystal palace townsend
13%
swansea baston
6%
bournemouth gradel
6%
arsenal wilshire
6%
sunderland khazri
3%
watford success
3%
No matching quizzes found
Score Distribution
Percent of People with Each Score
Percentile by Number Answered
Your Score History
You have not taken this quiz